01896cam a22005174i 4500003000900000005001700009008004100026020001800067035002000085040003300105049000900138082002200147100003100169245010400200264002800304300003900332336002100371337002500392338002300417490004500440504004000485504003200525505016600557526001000723526001000733526001000743526001000753526000800763526000800771526000800779526000800787526000800795526000800803526000800811650002200819650002100841650002400862700003300886910002900919942001400948994001400962596000600976999016800982980005501150952017301205PE-LiUPU20250731173052.0180307s1998 xxu0 rb 001 0 eng d a9789004352186 a(Sirsi) a241424 aPE-LiUPUbspacPE-LiUPUerda aPRUA04a282.4615bP792231 aPoska, Allyson M.,eautor.10aRegulating the people :bthe Catholic Reformation in seventeenth-century Spain /cAllyson M. Poska. 1aBoston :bBrill,c1998. a178 páginas ;c25 centímetros. atext2rdacontent aunmediated2rdamedia avolume2rdacarrier1 aCultures, beliefs, and traditions,v v.5 aBibliografía : páginas 163-174. aIndice : páginas 175-178.0 aRegulating the Landscape -- Regulating the Clergy -- Regulating the People -- The Birth of a Catholic -- Marriage in Heaven and on Earth -- The Rituals of Death. aSEG42 aSEG41 aSEG40 aSEG39 aP94 aP87 aP86 aP85 aP77 aP76 aP3504aContrareformatie.04aCatholic Church.04aIglesia Católica.1 aHarris, Melanie L.,eeditor. aadbmbkslcksld20180305 2ddccBOOK aC0bPEPRU a1 a282.4615 P79wLCc27062i78133f2021-11-11g4lCCODEBUL1mBULp38.00r0sYtBOOKu2018-3-7xTEOLOGIAPP350DONACION1FCOMPRAo.STAFF. Colección Teologíad27062 81gALBERTO SANCHEZ Responsable de Automatización r2025-12-02 00:00:00i5l0o282.4615 P79p78133te1v43.00w2018-03-07xFTyBKzinventario-2023-12-13102ddc50708GENfP35aBULbBULcGENd2018-03-07eDONACIONg38.00